[Event "World Rapid Team 2023"]
[Site "Dusseldorf GER"]
[Date "2023.08.26"]
[Round "3.2"]
[Board "2"]
[White "Nihal, Sarin"]
[Black "Aronian, Levon"]
[Result "1-0"]
[WhiteTitle "GM"]
[BlackTitle "GM"]
[WhiteElo "2684"]
[BlackElo "2742"]
[WhiteTeam "Team MGD1"]
[BlackTeam "Kompetenzakademie Allstars"]
[WhiteFideId "25092340"]
[BlackFideId "13300474"]
[EventDate "2023.08.26"]

1. Nf3 d5 2. b3 Bf5 3. Bb2 e6 4. g3 Nf6 5. Bg2 Be7 6. d3 h6 7. O-O O-O 8. Nbd2
Bh7 9. c4 c6 10. a3 a5 11. Ra2 Nbd7 12. Qa1 Ne8 13. Rc1 Bf6 14. b4 Nd6 15. Bxf6
Qxf6 16. Qxf6 Nxf6 17. Rb2 axb4 18. axb4 Ra4 19. Ne5 Rfa8 20. f4 Ra2 21. Rcc2
Rxb2 22. Rxb2 Ra1+ 23. Kf2 dxc4 24. Ndxc4 Nxc4 25. dxc4 Be4 26. b5 cxb5 27. Rxb5
g5 28. h4 gxf4 29. gxf4 h5 30. Bf3 Ra8 31. Ke3 Bxf3 32. exf3 Ne8 33. Rxb7 Nd6
34. Rd7 Nf5+ 35. Kd2 Rf8 36. c5 f6 37. c6 fxe5 38. c7 exf4 39. Ke1 e5 40. Kf2 e4
41. fxe4 Ng3 42. Kf3 1-0

[Event "World Rapid Team 2023"]
[Site "Dusseldorf GER"]
[Date "2023.08.26"]
[Round "3.2"]
[Board "4"]
[White "Sadhwani, Raunak"]
[Black "Batsiashvili, Nino"]
[Result "1-0"]
[WhiteTitle "GM"]
[BlackTitle "GM"]
[WhiteElo "2624"]
[BlackElo "2474"]
[WhiteTeam "Team MGD1"]
[BlackTeam "Kompetenzakademie Allstars"]
[WhiteFideId "35093487"]
[BlackFideId "13602993"]
[EventDate "2023.08.26"]

1. e4 e5 2. Nf3 Nc6 3. Bc4 Nf6 4. d3 Bc5 5. O-O a6 6. c3 d6 7. a4 Ba7 8. Re1 h6
9. Nbd2 O-O 10. h3 Be6 11. Bxe6 fxe6 12. b4 Qe8 13. Ra2 Nh5 14. Nf1 Rf6 15. Be3
Nf4 16. Bxf4 Rxf4 17. g3 Rf6 18. Kg2 Qf7 19. N1h2 Rf8 20. b5 Ne7 21. bxa6 bxa6
22. a5 Ng6 23. Rb2 c6 24. Qe2 Qc7 25. Ra1 d5 26. h4 h5 27. Rb3 Bc5 28. Ra2 Qf7
29. d4 exd4 30. cxd4 Bxd4 31. Nxd4 e5 32. Nxc6 Rxc6 33. Rb6 Rc4 34. Rd2 Rxe4 35.
Qxa6 Kh7 36. Rb3 Rd4 37. Rf3 Qe7 38. Rxd4 exd4 39. Qd3 Ra8 40. Rf5 Qe4+ 41. Qxe4
dxe4 42. Rxh5+ Kg8 43. Rd5 d3 44. Ng4 Ne7 45. Rc5 Kf7 46. Kf1 Rb8 47. Rc1 Nd5
48. a6 Ra8 49. Ra1 Nb4 50. Ra4 Nxa6 51. Ke1 Ke6 52. Rxe4+ Kd5 53. Ra4 Nc7 54.
Ne3+ Ke5 55. f4+ Kd6 56. Rxa8 Nxa8 57. Kd2 Ke6 58. Kxd3 Nc7 59. Ke4 Nb5 60. f5+
Kf6 61. Nd5+ Kf7 62. g4 Nd6+ 63. Kf4 Nc4 64. g5 Nd6 65. h5 Nc4 66. g6+ Kf8 67.
f6 gxf6 68. Nxf6 Kg7 69. Kg5 1-0

[Event "World Rapid Team 2023"]
[Site "Dusseldorf GER"]
[Date "2023.08.26"]
[Round "3.2"]
[Board "5"]
[White "Tsatsalashvili, Keti"]
[Black "Dronavalli, Harika"]
[Result "1/2-1/2"]
[WhiteTitle "WGM"]
[BlackTitle "GM"]
[WhiteElo "2315"]
[BlackElo "2500"]
[WhiteTeam "Kompetenzakademie Allstars"]
[BlackTeam "Team MGD1"]
[WhiteFideId "13603434"]
[BlackFideId "5015197"]
[EventDate "2023.08.26"]

1. d4 g6 2. c4 Bg7 3. e4 d6 4. Nc3 e5 5. Nf3 Nc6 6. Bg5 f6 7. Be3 Bg4 8. d5 Nce7
9. Be2 Nh6 10. h3 Bxf3 11. Bxf3 O-O 12. Be2 Nf7 13. O-O f5 14. f3 Bh6 15. Bf2
Bf4 16. b4 Kh8 17. c5 Ng8 18. Qc2 Qg5 19. Bd3 Ngh6 20. h4 Qh5 21. g3 g5 22. gxf4
gxf4 23. Qe2 Ng5 24. Be1 Rg8 25. Kh1 Rg7 26. Rg1 Rag8 27. Bf2 Nh3 28. Rxg7 Rxg7
29. Rf1 Nxf2+ 30. Rxf2 Qxh4+ 31. Rh2 Qg3 32. Rg2 Qh4+ 33. Kg1 Rxg2+ 34. Kxg2 Ng4
35. Kg1 Qg3+ 36. Qg2 Qe1+ 37. Bf1 Ne3 38. Qf2 Qxc3 39. Qh4 Nxf1 40. Qf6+ Kg8 41.
Qg5+ Kh8 42. Qf6+ Kg8 43. Qg5+ Kh8 44. Qf6+ 1/2-1/2

[Event "World Rapid Team 2023"]
[Site "Dusseldorf GER"]
[Date "2023.08.26"]
[Round "3.3"]
[Board "1"]
[White "Vachier-Lagrave, Maxime"]
[Black "Jobava, Baadur"]
[Result "1/2-1/2"]
[WhiteTitle "GM"]
[BlackTitle "GM"]
[WhiteElo "2739"]
[BlackElo "2574"]
[WhiteTeam "ASV AlphaEchecs Linz"]
[BlackTeam "Columbus Energy KingsOfChess Krakow"]
[WhiteFideId "623539"]
[BlackFideId "13601520"]
[EventDate "2023.08.26"]

1. d4 d5 2. Bf4 c5 3. e3 cxd4 4. exd4 Nc6 5. c3 Bf5 6. Qb3 Qd7 7. Nf3 e6 8. Bb5
f6 9. O-O g5 10. Bg3 h5 11. h4 g4 12. Ne1 Bd6 13. Nd2 Nge7 14. Bxd6 Qxd6 15. g3
O-O-O 16. Ng2 Kb8 17. Rad1 a6 18. Bxc6 Nxc6 19. Qb6 Qc7 20. Qxc7+ Kxc7 21. Ne3
Bd3 22. Rfe1 b6 23. f3 gxf3 24. Nxf3 Be4 25. Nd2 Bd3 26. Nf3 Be4 27. Nd2 Rhg8
28. Nxe4 dxe4 29. Kh2 f5 30. Ng2 e5 31. d5 Ne7 32. Rf1 f4 33. gxf4 Nxd5 34. Rde1
Nxf4 35. Nxf4 exf4 36. Rxf4 Rd2+ 37. Kh3 Rd3+ 38. Kh2 Rd2+ 39. Kh3 Rdg2 40. Re3
Rg1 41. Kh2 R8g2+ 42. Kh3 Rg7 43. Kh2 R7g2+ 44. Kh3 Rg4 45. Rxg4 Rxg4 46. Rg3
Rf4 47. Rg6 Kd7 48. Kg3 Rf3+ 49. Kg2 Rf5 50. Rxb6 a5 51. c4 a4 52. Rb5 Rf4 53.
Rxh5 e3 54. Re5 Rxh4 55. b3 Rd4 56. Kf3 Rd2 57. Ra5 e2 58. Kf2 axb3 59. axb3 Rb2
60. Rb5 Kc6 61. b4 Rc2 62. Rc5+ Kb6 63. Ke1 Rb2 64. Rb5+ Kc6 65. Rb8 Kc7 1/2-1/2

[Event "World Rapid Team 2023"]
[Site "Dusseldorf GER"]
[Date "2023.08.26"]
[Round "3.3"]
[Board "2"]
[White "Pakleza, Zbigniew"]
[Black "Grischuk, Alexander"]
[Result "1/2-1/2"]
[WhiteTitle "GM"]
[BlackTitle "GM"]
[WhiteElo "2482"]
[BlackElo "2736"]
[WhiteTeam "Columbus Energy KingsOfChess Krakow"]
[BlackTeam "ASV AlphaEchecs Linz"]
[WhiteFideId "1119290"]
[BlackFideId "4126025"]
[EventDate "2023.08.26"]

1. d4 Nf6 2. Nf3 d5 3. Bf4 Bf5 4. e3 e6 5. Bd3 Bd6 6. O-O O-O 7. Bxd6 Qxd6 8.
Bxf5 exf5 9. Nbd2 Nbd7 10. c4 c6 11. Qb3 Rab8 12. Rac1 Rfe8 13. cxd5 Nxd5 14.
Rfe1 N7f6 15. Nc4 Qe7 16. Qa3 Qxa3 17. bxa3 f4 18. exf4 Nxf4 19. Kf1 Red8 20.
Rb1 b6 21. a4 Ne6 22. Nce5 Rdc8 23. a5 c5 24. axb6 axb6 25. dxc5 Rxc5 26. Re2 g5
27. h3 h5 28. Nd3 Rc3 29. Nfe5 Rd8 30. Ne1 Nd5 31. Rc2 f6 32. Nc6 Re8 33. Rxc3
Nxc3 34. Rxb6 Nxa2 35. Nd3 Nc3 36. Ncb4 Kf7 37. g3 Rd8 38. Rb7+ Kg6 39. Rb6 Kf7
40. Rb7+ Kg6 41. Rb6 Kf7 1/2-1/2

[Event "World Rapid Team 2023"]
[Site "Dusseldorf GER"]
[Date "2023.08.26"]
[Round "3.3"]
[Board "3"]
[White "Maghsoodloo, Parham"]
[Black "Teclaf, Pawel"]
[Result "1/2-1/2"]
[WhiteTitle "GM"]
[BlackTitle "IM"]
[WhiteElo "2702"]
[BlackElo "2586"]
[WhiteTeam "ASV AlphaEchecs Linz"]
[BlackTeam "Columbus Energy KingsOfChess Krakow"]
[WhiteFideId "12539929"]
[BlackFideId "1185934"]
[EventDate "2023.08.26"]

1. c4 b6 2. Nc3 Bb7 3. Nf3 e6 4. e4 Bb4 5. Qc2 Ne7 6. d4 O-O 7. Bd3 d6 8. O-O
Nd7 9. Ne2 c5 10. a3 Ba5 11. Qb1 b5 12. cxb5 Ng6 13. b4 cxb4 14. axb4 Bb6 15.
Bg5 Nf6 16. h3 Rc8 17. Ng3 h6 18. Be3 Nh7 19. Rc1 Ng5 20. Nxg5 hxg5 21. Rxc8
Bxc8 22. Bf1 Nf4 23. Qd1 Qf6 24. Rc1 Bb7 25. Rc2 Rc8 26. Rxc8+ Bxc8 27. Qg4 Bb7
28. Qd1 Qd8 29. Qd2 Qc7 30. f3 f6 31. Nh1 d5 32. Nf2 Nh5 33. Bd3 Nf4 34. Bf1 Nh5
35. Be2 Nf4 36. Bd1 Qc4 37. h4 Qxb5 38. hxg5 fxg5 39. e5 Ba6 40. Kh2 Qf1 41. Nh3
Nxh3 42. gxh3 Bd3 43. Bc2 Bxc2 44. Qxc2 Qxf3 45. Qg6 Qe2+ 46. Kh1 Qf1+ 47. Kh2
Qe2+ 1/2-1/2

[Event "World Rapid Team 2023"]
[Site "Dusseldorf GER"]
[Date "2023.08.26"]
[Round "3.3"]
[Board "4"]
[White "Gumularz, Szymon"]
[Black "Naiditsch, Arkadij"]
[Result "1-0"]
[WhiteTitle "GM"]
[BlackTitle "GM"]
[WhiteElo "2588"]
[BlackElo "2651"]
[WhiteTeam "Columbus Energy KingsOfChess Krakow"]
[BlackTeam "ASV AlphaEchecs Linz"]
[WhiteFideId "1188062"]
[BlackFideId "4650891"]
[EventDate "2023.08.26"]

1. e4 e5 2. Nf3 Nc6 3. Bb5 Nf6 4. d3 d6 5. O-O Be7 6. c3 O-O 7. h3 Bd7 8. Re1
Re8 9. Nbd2 Bf8 10. Nf1 h6 11. Ng3 Ne7 12. Bc4 b5 13. Bb3 c5 14. d4 Ng6 15. Bc2
Qc7 16. Be3 Rad8 17. d5 Rb8 18. b4 Rec8 19. bxc5 dxc5 20. a4 a6 21. axb5 axb5
22. c4 bxc4 23. Nd2 Rb4 24. Nb1 Nf4 25. Nc3 Bd6 26. Nf1 Rcb8 27. Nd2 Nd3 28. Rf1
Ne8 29. Na2 Nb2 30. Qe2 R4b7 31. Nc3 Rb4 32. Ra6 Be7 33. f4 Nd3 34. Bxd3 cxd3
35. Qxd3 c4 36. Qe2 Bf6 37. Qf2 Rb2 38. Ra7 Qd6 39. Bc5 Rxd2 40. Bxd6 Rxf2 41.
Bxb8 Rxf1+ 42. Kxf1 exf4 43. e5 1-0

[Event "World Rapid Team 2023"]
[Site "Dusseldorf GER"]
[Date "2023.08.26"]
[Round "3.3"]
[Board "5"]
[White "Lagno, Kateryna"]
[Black "Maltsevskaya, Aleksandra"]
[Result "1-0"]
[WhiteTitle "GM"]
[BlackTitle "IM"]
[WhiteElo "2552"]
[BlackElo "2386"]
[WhiteTeam "ASV AlphaEchecs Linz"]
[BlackTeam "Columbus Energy KingsOfChess Krakow"]
[WhiteFideId "14109336"]
[BlackFideId "24174041"]
[EventDate "2023.08.26"]

1. e4 c5 2. Nf3 e6 3. d4 cxd4 4. Nxd4 Nc6 5. Nc3 a6 6. Be3 Nf6 7. a3 d6 8. f4
Qc7 9. Be2 Nxd4 10. Qxd4 e5 11. Qd3 exf4 12. Bxf4 Be6 13. O-O-O Rd8 14. Qg3 Be7
15. e5 dxe5 16. Bxe5 Qa5 17. Rxd8+ Bxd8 18. Bd6 Nd5 19. Ne4 Nf6 20. Qxg7 Nxe4
21. Qxh8+ Kd7 22. Bb4 Qd5 23. Qxd8+ Kxd8 24. Rd1 Nf2 25. Rxd5+ Bxd5 26. Bc5 Ne4
27. Be3 Nd6 28. g4 Kd7 29. b3 Ke6 30. Bf4 Be4 31. Kd2 Nb5 32. Bc4+ Ke7 33. a4
Na7 34. Be2 Nc6 35. c3 Bd5 36. Bd1 Na5 37. c4 Be6 38. Kc3 Nc6 39. b4 Kd7 40. Bf3
f6 41. b5 axb5 42. axb5 Nd8 43. c5 Kc8 44. Kb4 Bd7 45. Be3 f5 46. gxf5 Bxf5 47.
Ka5 Nf7 48. Kb6 Nd8 49. Bg5 Ne6 50. Bxb7+ Kd7 51. Be3 Bd3 52. Bf3 Kd8 53. c6 Ke8
54. Bd5 Bf5 55. Kb7 1-0

[Event "World Rapid Team 2023"]
[Site "Dusseldorf GER"]
[Date "2023.08.26"]
[Round "3.3"]
[Board "6"]
[White "Przedlacki, Wiktor"]
[Black "Llari, Marc"]
[Result "1-0"]
[BlackTitle "CM"]
[WhiteElo "1702"]
[BlackElo "2092"]
[WhiteTeam "Columbus Energy KingsOfChess Krakow"]
[BlackTeam "ASV AlphaEchecs Linz"]
[WhiteFideId "21099529"]
[BlackFideId "651044269"]
[EventDate "2023.08.26"]

1. e4 c5 2. Nf3 e6 3. d4 cxd4 4. Nxd4 Nf6 5. Nc3 Nc6 6. Ndb5 Bc5 7. Nd6+ Ke7 8.
Nxc8+ Rxc8 9. Bd3 Qc7 10. O-O h5 11. Bg5 Kf8 12. Bxf6 gxf6 13. Kh1 a6 14. f4 Ke7
15. Qe1 Bd4 16. Nd5+ exd5 17. exd5+ Ne5 18. fxe5 Bxe5 19. Qh4 Rcg8 20. Rae1 Kd8
21. Bf5 Rg5 22. Qe4 Rhg8 23. Bh3 Qc5 24. c3 Kc8 25. Qa4 Qxd5 26. Rf2 Kb8 27.
Qxd7 Qc5 28. Rfe2 Qc4 29. a3 Qc5 30. Qxf7 R5g7 31. Qe6 Qc7 32. Qf5 h4 33. Re4 1-0

[Event "World Rapid Team 2023"]
[Site "Dusseldorf GER"]
[Date "2023.08.26"]
[Round "3.4"]
[Board "1"]
[White "Moussard, Jules"]
[Black "Donchenko, Alexander"]
[Result "1/2-1/2"]
[WhiteTitle "GM"]
[BlackTitle "GM"]
[WhiteElo "2661"]
[BlackElo "2684"]
[WhiteTeam "Chessbrah OFM"]
[BlackTeam "Germany and Friends"]
[WhiteFideId "642908"]
[BlackFideId "24603295"]
[EventDate "2023.08.26"]

1. c4 Nf6 2. Nc3 e5 3. Nf3 Nc6 4. d3 Bb4 5. Bd2 O-O 6. g3 d6 7. Bg2 a5 8. O-O h6
9. a3 Bxc3 10. Bxc3 a4 11. b4 axb3 12. Qxb3 Nd7 13. d4 Na5 14. Qc2 Nxc4 15. Bb4
Ndb6 16. a4 e4 17. Nh4 d5 18. a5 Nd7 19. Bxf8 Nxf8 20. Bxe4 Nxa5 21. Bg2 Bg4 22.
e4 dxe4 23. Qxe4 Bd7 24. d5 Ra6 25. Nf3 Bb5 26. Rfe1 Nc4 27. Rxa6 Bxa6 28. Nd4
Nd6 29. Qe7 Qc8 30. Rc1 Bc4 31. Bf1 Ng6 32. Qe3 Bxd5 33. Bd3 c6 34. f4 Qh3 35.
Bf1 Qd7 36. Re1 Ne4 37. Bd3 Nf6 38. Nf5 b5 39. Ne7+ Nxe7 40. Qxe7 Qxe7 41. Rxe7
Kf8 42. Rb7 Ke8 43. h3 Nd7 44. Kf2 Nc5 45. Rb8+ Ke7 46. Bb1 Kd6 47. Ke3 h5 48.
Rh8 b4 49. Rxh5 Na4 50. Rh8 Nc3 51. Bd3 c5 52. Rc8 Be6 53. Rd8+ Kc7 54. Re8 c4
55. Rxe6 fxe6 56. Bxc4 Kd6 57. Kd4 Nd5 58. Bb3 Nf6 59. g4 Nd5 60. Ke4 Nc3+ 61.
Kd3 Nd5 62. Ke4 Nc3+ 63. Kf3 Nd5 64. h4 Ke7 65. h5 Nf6 66. Bc2 Kd6 67. g5 Nxh5
68. Bg6 Nf6 69. gxf6 gxf6 70. Ke3 f5 1/2-1/2

[Event "World Rapid Team 2023"]
[Site "Dusseldorf GER"]
[Date "2023.08.26"]
[Round "3.4"]
[Board "2"]
[White "Bluebaum, Matthias"]
[Black "Van Foreest, Jorden"]
[Result "1/2-1/2"]
[WhiteTitle "GM"]
[BlackTitle "GM"]
[WhiteElo "2670"]
[BlackElo "2697"]
[WhiteTeam "Germany and Friends"]
[BlackTeam "Chessbrah OFM"]
[WhiteFideId "24651516"]
[BlackFideId "1039784"]
[EventDate "2023.08.26"]

1. d4 Nf6 2. c4 g6 3. Nc3 Bg7 4. e4 d6 5. Nf3 Bg4 6. Be2 Bxf3 7. Bxf3 e5 8. d5
h5 9. h4 Nbd7 10. Rb1 a5 11. a3 Bh6 12. Bxh6 Rxh6 13. b4 Kf8 14. g3 Rh8 15. Na4
Kg7 16. c5 axb4 17. axb4 dxc5 18. Nxc5 b6 19. Nxd7 Qxd7 20. O-O Ra3 21. Bg2 Rha8
22. Qc2 Ne8 23. Rfc1 R8a7 24. Kh2 Nd6 25. Rb3 R3a4 26. Bf1 Ra2 27. Rb2 R2a3 28.
Bd3 Qa4 29. Qxa4 R7xa4 30. Bb1 Ra7 31. Kg2 Ra1 32. Rc6 R7a3 33. Rxc7 b5 34. Bc2
Rc1 35. Rc6 Nc4 36. d6 Ra8 37. Bb3 Ne3+ 38. fxe3 Rxc6 39. Bd5 Rca6 40. Bxa8 Rxa8
41. Rd2 Kf6 42. Rd5 Ke6 43. d7 Rd8 44. Rxb5 Rxd7 45. Rb6+ Ke7 46. b5 Rd2+ 47.
Kf3 Rb2 48. Rb8 Kf6 49. b6 Kg7 50. Re8 Kf6 51. Rb8 Kg7 52. Re8 1/2-1/2

[Event "World Rapid Team 2023"]
[Site "Dusseldorf GER"]
[Date "2023.08.26"]
[Round "3.4"]
[Board "3"]
[White "Saric, Ivan"]
[Black "Svane, Rasmus"]
[Result "1/2-1/2"]
[WhiteTitle "GM"]
[BlackTitle "GM"]
[WhiteElo "2657"]
[BlackElo "2631"]
[WhiteTeam "Chessbrah OFM"]
[BlackTeam "Germany and Friends"]
[WhiteFideId "14508150"]
[BlackFideId "4657101"]
[EventDate "2023.08.26"]

1. e4 e5 2. Nf3 Nc6 3. Bb5 a6 4. Ba4 Nf6 5. O-O Be7 6. d3 b5 7. Bb3 d6 8. c3 O-O
9. h3 h6 10. Re1 Re8 11. Nbd2 Bf8 12. Nf1 Be6 13. Ng3 d5 14. Bd2 Qd7 15. Qe2 d4
16. Bxe6 Rxe6 17. a4 Rd8 18. axb5 axb5 19. Rec1 dxc3 20. Rxc3 b4 21. Rc4 Qxd3
22. Qxd3 Rxd3 23. Ra8 Nd7 24. Bxb4 Nxb4 25. Rxb4 Nb6 26. Rb8 g6 27. Rb5 Kg7 28.
Rxe5 Rxe5 29. Nxe5 Rd1+ 30. Kh2 Rd2 31. f4 Bd6 32. Nf3 Rxb2 33. e5 Ba3 34. f5
Nd5 35. Ra8 Bb4 36. f6+ Kh7 37. Ne4 g5 38. h4 g4 39. Nd4 Ne3 40. e6 Rxg2+ 41.
Kh1 fxe6 42. f7 g3 43. Rg8 Rh2+ 44. Kg1 Rg2+ 1/2-1/2

[Event "World Rapid Team 2023"]
[Site "Dusseldorf GER"]
[Date "2023.08.26"]
[Round "3.4"]
[Board "4"]
[White "Kollars, Dmitrij"]
[Black "Tari, Aryan"]
[Result "1/2-1/2"]
[WhiteTitle "GM"]
[BlackTitle "GM"]
[WhiteElo "2628"]
[BlackElo "2629"]
[WhiteTeam "Germany and Friends"]
[BlackTeam "Chessbrah OFM"]
[WhiteFideId "12909572"]
[BlackFideId "1510045"]
[EventDate "2023.08.26"]

1. e4 e5 2. Nf3 Nc6 3. Bb5 Nf6 4. d3 Bc5 5. Nc3 Nd4 6. Bc4 c6 7. Nxe5 d5 8. exd5
O-O 9. O-O cxd5 10. Bb3 Re8 11. Re1 Ng4 12. Nxg4 Bxg4 13. Rxe8+ Qxe8 14. Qf1 Qe5
15. Bd2 Ne2+ 16. Nxe2 Bxe2 17. Qe1 Re8 18. Kh1 Re6 19. Qg1 Qxb2 20. Bxd5 Bxf2
21. Qb1 Rb6 22. Qxb2 Rxb2 23. Bb3 Bd4 24. Re1 Bf2 25. Rc1 Bd4 26. Bb4 Be3 27.
Re1 Bf2 28. Ra1 Bd4 29. Re1 Bf2 30. Ra1 Bd4 31. Re1 1/2-1/2

[Event "World Rapid Team 2023"]
[Site "Dusseldorf GER"]
[Date "2023.08.26"]
[Round "3.4"]
[Board "5"]
[White "Khademalsharieh, Sarasadat"]
[Black "Bashylina, Luisa"]
[Result "1-0"]
[WhiteTitle "IM"]
[BlackTitle "WFM"]
[WhiteElo "2488"]
[BlackElo "2152"]
[WhiteTeam "Chessbrah OFM"]
[BlackTeam "Germany and Friends"]
[WhiteFideId "12512214"]
[BlackFideId "12983292"]
[EventDate "2023.08.26"]

1. d4 Nf6 2. c4 g6 3. g3 d5 4. cxd5 Nxd5 5. Bg2 Bg7 6. e4 Nb6 7. Ne2 O-O 8. O-O
Nc6 9. d5 Na5 10. Nbc3 c6 11. b3 cxd5 12. exd5 Bg4 13. f3 Bf5 14. Be3 Rc8 15.
Rc1 h5 16. Qd2 Nac4 17. bxc4 Nxc4 18. Qe1 Nxe3 19. Rf2 Nxg2 20. Kxg2 Qd7 21. Nf4
Rfe8 22. Ne4 Rxc1 23. Qxc1 Bxe4 24. fxe4 Qa4 25. Re2 h4 26. gxh4 Qd7 27. Qe3 Bh6
28. Qg3 Kh7 29. Nd3 Qb5 30. Rf2 f6 31. Nf4 Rg8 32. Ne6 Qc4 33. Qf3 b6 34. Kh1
Qc1+ 35. Rf1 Qe3 36. Qxe3 Bxe3 37. e5 Rc8 38. d6 exd6 39. exd6 Rg8 40. d7 1-0

[Event "World Rapid Team 2023"]
[Site "Dusseldorf GER"]
[Date "2023.08.26"]
[Round "3.5"]
[Board "1"]
[White "Bologan, Victor"]
[Black "Aravindh, Chithambaram VR."]
[Result "1/2-1/2"]
[WhiteTitle "GM"]
[BlackTitle "GM"]
[WhiteElo "2574"]
[BlackElo "2645"]
[WhiteTeam "FIDE Management Board"]
[BlackTeam "Six-pack"]
[WhiteFideId "13900048"]
[BlackFideId "5072786"]
[EventDate "2023.08.26"]

1. e4 e5 2. Nf3 Nc6 3. Bc4 Nf6 4. d3 Bc5 5. c3 d6 6. Nbd2 a5 7. h3 Ba7 8. Nf1 h6
9. Ng3 O-O 10. Nh2 Be6 11. Ng4 d5 12. Bb3 dxe4 13. dxe4 Qxd1+ 14. Bxd1 Nd7 15.
Ne3 Rfd8 16. Bg4 Nc5 17. Bxe6 Nd3+ 18. Ke2 Nf4+ 19. Kf1 fxe6 20. Ne2 Nd3 21. Ng1
Nc5 22. Nf3 Nxe4 23. Ke2 a4 24. Nd2 Nc5 25. b4 Nd3 26. g3 Ne7 27. Ne4 Nf5 28.
Rd1 Nxc1+ 29. Raxc1 Bxe3 30. fxe3 Nd6 31. Nc5 Kf7 32. c4 Ke7 33. g4 a3 34. b5 e4
35. Rd4 b6 36. Nxe4 Nxe4 37. Rxe4 Ra4 38. Rd4 Rb4 39. Kd3 Rb2 40. Rc2 Ra8 41.
Kc3 Rb1 42. Rcd2 Rc1+ 43. Kb3 Rb1+ 44. Kc2 Ra1 45. Kb3 Rb1+ 46. Kc3 Rc1+ 47. Kb3
Rb1+ 48. Kc3 Rc1+ 49. Kb3 1/2-1/2

[Event "World Rapid Team 2023"]
[Site "Dusseldorf GER"]
[Date "2023.08.26"]
[Round "3.5"]
[Board "2"]
[White "Mohammad, Nubairshah Shaikh"]
[Black "Short, Nigel D"]
[Result "0-1"]
[WhiteTitle "IM"]
[BlackTitle "GM"]
[WhiteElo "2430"]
[BlackElo "2592"]
[WhiteTeam "Six-pack"]
[BlackTeam "FIDE Management Board"]
[WhiteFideId "5053196"]
[BlackFideId "400025"]
[EventDate "2023.08.26"]

1. Nf3 d5 2. g3 Nc6 3. d4 Bf5 4. Bg2 Nb4 5. Na3 e6 6. O-O c6 7. c3 Na6 8. Nc2
Be7 9. a4 Nf6 10. Ne5 h6 11. b4 O-O 12. Ne1 Nc7 13. N1d3 Nce8 14. Re1 Nd6 15. f3
Qc8 16. Nf2 a5 17. e4 Bh7 18. Ba3 Re8 19. Qb3 Nd7 20. Nfd3 Nxe5 21. Nxe5 f6 22.
Nd3 Nc4 23. Bh3 Bf8 24. Bc1 Kh8 25. Ra2 Qd8 26. Nc5 Bxc5 27. bxc5 e5 28. exd5
cxd5 29. Bf1 Rb8 30. Rae2 b6 31. c6 Bd3 32. Rf2 Bxf1 33. Kxf1 exd4 34. Bf4 Rxe1+
35. Kxe1 Rc8 36. c7 Qd7 37. g4 d3 38. Kd1 Rxc7 39. Bxc7 Qxc7 40. Qb5 Qc8 41. h3
Qe6 42. Qa6 Kh7 43. Qb5 h5 44. gxh5 Kh6 45. Qb1 Qe3 46. Qc1 d2 47. Rxd2 Qxd2+
48. Qxd2+ Nxd2 49. Kxd2 Kxh5 50. Ke3 Kh4 51. Kd4 Kxh3 52. Kxd5 f5 53. c4 g5 54.
Kc6 g4 55. fxg4 fxg4 56. Kxb6 g3 57. c5 g2 58. Kxa5 g1=Q 59. Kb5 Qg8 60. c6 Qb8+
61. Kc5 Kg4 62. a5 Kf5 63. a6 Ke6 0-1

[Event "World Rapid Team 2023"]
[Site "Dusseldorf GER"]
[Date "2023.08.26"]
[Round "3.5"]
[Board "3"]
[White "Al-Mudahka, Mohd"]
[Black "Karthik, Venkataraman"]
[Result "0-1"]
[WhiteTitle "GM"]
[BlackTitle "GM"]
[WhiteElo "2542"]
[BlackElo "2562"]
[WhiteTeam "FIDE Management Board"]
[BlackTeam "Six-pack"]
[WhiteFideId "12100030"]
[BlackFideId "25006479"]
[EventDate "2023.08.26"]

1. e4 c5 2. Nc3 Nc6 3. f4 g6 4. Nf3 Bg7 5. Bc4 e6 6. f5 Nge7 7. fxe6 dxe6 8. O-O
O-O 9. d3 Na5 10. Bb3 h6 11. Qe1 Nxb3 12. axb3 e5 13. Qh4 h5 14. Be3 b6 15. Nd2
f6 16. Rf2 Be6 17. Raf1 Nc6 18. Qg3 Kh7 19. Nf3 Nd4 20. Nh4 Qe8 21. Bxd4 cxd4
22. Nb5 g5 23. Nc7 gxh4 24. Qxh4 Qf7 25. Nxa8 Rxa8 26. Rxf6 Qe8 27. Qg5 Rc8 28.
Qxe5 Rc6 29. Qg5 Rxc2 30. h3 Rc5 31. e5 Rc2 32. R1f3 Rc5 33. Rg3 Bxf6 34. Qxf6
Qf7 35. Qg5 Bd5 36. Qh4 Rc1+ 37. Kh2 Rf1 38. Qxd4 Qf2 39. Qxf2 Rxf2 40. d4 Rxb2
41. h4 Rxb3 42. Rg5 Kh6 43. Rf5 Rb2 44. Rf6+ Kg7 45. Rd6 Rxg2+ 46. Kh3 Be4 47.
Rd7+ Kg6 48. Rd6+ Kf7 49. d5 Rd2 50. Rf6+ Kg7 51. d6 Rd3+ 52. Kh2 Bc6 53. Re6 a5
54. Re7+ Kg6 55. Rc7 Be4 56. Re7 Bf5 57. Rb7 Be6 58. Rxb6 Kf5 59. Ra6 Rd5 60.
Kg3 Kxe5 61. Kf3 Bd7 62. Ke3 a4 0-1

[Event "World Rapid Team 2023"]
[Site "Dusseldorf GER"]
[Date "2023.08.26"]
[Round "3.5"]
[Board "4"]
[White "Pranesh, M"]
[Black "Iashvili, Akaki"]
[Result "1-0"]
[WhiteTitle "GM"]
[BlackTitle "IM"]
[WhiteElo "2503"]
[BlackElo "2342"]
[WhiteTeam "Six-pack"]
[BlackTeam "FIDE Management Board"]
[WhiteFideId "35028600"]
[BlackFideId "13600281"]
[EventDate "2023.08.26"]

1. e4 c5 2. Nf3 d6 3. d4 cxd4 4. Nxd4 Nf6 5. Nc3 a6 6. Be3 e6 7. g4 b5 8. g5
Nfd7 9. a3 Bb7 10. f4 g6 11. Bg2 Nb6 12. O-O Nc4 13. Bc1 h6 14. b3 Nb6 15. f5
gxf5 16. g6 Bg7 17. exf5 Bxg2 18. gxf7+ Ke7 19. Kxg2 Qc8 20. Ne4 Qb7 21. Re1 Nc6
22. f6+ Bxf6 23. Nf5+ Kd8 24. Qxd6+ Nd7 25. Nc5 1-0

[Event "World Rapid Team 2023"]
[Site "Dusseldorf GER"]
[Date "2023.08.26"]
[Round "3.5"]
[Board "5"]
[White "Reizniece-Ozola, Dana"]
[Black "Priyanka, Nutakki"]
[Result "1-0"]
[WhiteTitle "WGM"]
[BlackTitle "WGM"]
[WhiteElo "2268"]
[BlackElo "2283"]
[WhiteTeam "FIDE Management Board"]
[BlackTeam "Six-pack"]
[WhiteFideId "11601124"]
[BlackFideId "25049615"]
[EventDate "2023.08.26"]

1. c4 e6 2. Nf3 d5 3. b3 d4 4. d3 c5 5. e3 Nc6 6. exd4 cxd4 7. g3 Bd6 8. Bg2
Nge7 9. O-O O-O 10. Ba3 e5 11. Re1 f6 12. c5 Bc7 13. b4 a6 14. Nbd2 Be6 15. Bb2
Qd7 16. a3 Rad8 17. Qc2 Nd5 18. Nc4 Nc3 19. Bxc3 dxc3 20. Rad1 Bg4 21. Qxc3 Nd4
22. Ncd2 Kh8 23. Re3 Qa4 24. Rc1 Qd7 25. Rd1 f5 26. Rde1 f4 27. gxf4 Nxf3+ 28.
Nxf3 Bxf3 29. Rxf3 exf4 30. Re4 Rf6 31. Bh3 Qf7 32. Qe1 h6 33. Kh1 Qh5 34. Bg2
Rg6 35. h3 Qg5 36. Qf1 Be5 37. d4 Rxd4 38. Rxd4 Bxd4 39. Rd3 Be5 40. Bxb7 f3 41.
Rxf3 Qe7 42. Be4 Rg5 43. Bc2 Bc7 44. Re3 Qf7 45. Qe2 Qd5+ 46. f3 Be5 47. Qd3 Qg8
48. f4 Qa8+ 49. Qe4 Qxe4+ 50. Rxe4 1-0